000 00308nam a22001337a 4500
008 171012b xxu||||| |||| 00| 0 eng d
020 _a9780761986560
041 _aeng
080 _a316
100 _a50
101 _aSOC
245 _aDIMENSION OF HUMAN BEHAVIOR
_cHUTCHINSON.E.D
942 _2udc
_cBK
999 _c33305
_d33305